Music Quiz

Random Music or Song Quiz

Songs on 'Innuendo' Quiz Stats

 Plays Quiz not verified by Sporcle

Score 0/12 Timer 05:00
0 Plays Today
Track Song % Correct
1Innuendo
98.5%
12The Show Must Go On
93.2%
2I'm Going Slightly Mad
91%
8These Are The Days of Our Lives
91%
3Headlong
90.2%
9Delilah
85%
11Bijou
85%
10The Hitman
78.9%
6Ride the Wild Wind
78.2%
7All God's People
73.7%
5Don't Try So Hard
70.7%
4I Can't Live With You
66.9%

You're not logged in!

Compare scores with friends on all Sporcle quizzes.
OR
Log In

Sporcle TV

Today on Sporcle TV


Watch our educational content, quiz creation guides, and fun videos on Sporcle TV.

Show Comments

Extras

Top Quizzes Today


Score Distribution

Your Account Isn't Verified!

In order to create a playlist on Sporcle, you need to verify the email address you used during registration. Go to your Sporcle Settings to finish the process.

Report this User

Report this user for behavior that violates our Community Guidelines.

Details: